| 000 | 00816nam a2200205Ia 4500 | ||
|---|---|---|---|
| 003 | IN-BaIIA | ||
| 008 | 211028s9999 xx 000 0 eng d | ||
| 020 | _a981-02-3794-4 | ||
| 040 | _cIIA Library | ||
| 080 |
_a524.834(082.1) _bREL |
||
| 111 |
_aRichard Arnowitt Fest on Relativity, Particle Physics and Cosmology _cTexas, USA _d1998 Apr 5-8 _924387 |
||
| 245 | 0 |
_aRelativity, particle physics and cosmology _bproceedings of the Richard Arnowitt fest on relativity, particle physics and cosmology, held in Texas, USA, 5-8 Apr 1998 _cedited by R. E. Allen |
|
| 260 |
_aSingapore _bWorld Scientific _c1999 |
||
| 300 | _axiii, 373p. | ||
| 650 | _aCosmology | ||
| 650 |
_aParticle physics _91847 |
||
| 650 | _aRelativity | ||
| 700 |
_aAllen, R. E., ed _915890 |
||
| 942 | _cBK | ||
| 999 |
_c13922 _d13922 |
||